000 00597nam a22001817a 4500
005 20251108171030.0
008 250721s1997 xx 000 0 ara d
082 1 4 _a956.4/مدخ
100 1 _aالبحيري، صلاح الدين
245 1 0 _aالمدخل إلى القضية الفلسطينية /
264 1 _aعمان :
_bمركز دراسات الشرق الأوسط،
_c1997.
300 _a653ص
650 1 7 _aتاريخ فلسطين
650 1 7 _aالسلام العربي الإسرائيلي
700 1 _aالحمد، جواد
_eتحرير
942 _2ddc
_cBK
999 _c54842
_d54842